| 000 | 01470nam a2200397 a 4500 | ||
|---|---|---|---|
| 001 | 20959 | ||
| 003 | VRT | ||
| 005 | 20260207114851.0 | ||
| 008 | 251124s1937 xo slo c | ||
| 015 | _aSKSNBA19191938-012024 | ||
| 035 | _aSK01SNKBSKHR20020091416 | ||
| 035 | _aSKM000093879 | ||
| 039 | 9 |
_a202511241304 _bVLOAD _c202510291230 _dVLOAD _c201904040812 _dAUTHORITY _c201904031225 _dAUTHORITY |
|
| 040 |
_aSNK _bslo _cSNK _eAACR2 |
||
| 041 | 1 | _aslo | |
| 044 | _axo | ||
| 080 |
_a885.4 _21. stred., slo |
||
| 100 | 1 |
_aStodola, Ivan, _d1888-1977 _4aut |
|
| 245 | 1 | 0 |
_aKráľ Svätopluk _bdráma v 3 dejstvách _cIvan Stodola |
| 250 | _a2. oprav. vyd. | ||
| 260 |
_aMartin _bMatica slovenská _c1937 _eMartin _fKníhtlačiarsky účastinársky spolok |
||
| 300 |
_a69, [3] s. _c8° |
||
| 490 | 0 |
_aČítanie pre meštianske školy _vzv. 7 |
|
| 500 | _aFrontispice | ||
| 650 | 0 | 7 | _aslovenská dráma |
| 655 | 7 |
_aumelecká literatúra _2SNKPH |
|
| 830 | 0 | _aČítanie pre meštianske školy | |
| 942 |
_2ddc _cKLDO _n0 |
||
| 949 |
_617A0540658 _asnkSD 4089/7 D1 _bsnkD 1784/60 _qrekatalogizácia |
||
| 949 |
_617A0540590 _asnkSD 4089/7 D2 _bsnkF 5588/62 _qrekatalogizácia |
||
| 949 |
_6273K0372108 _asvkpoA 18134 _bsvkpo41778 |
||
| 999 |
_c20959 _d20959 |
||